| 000 | 00362 a2200145 4500 | ||
|---|---|---|---|
| 020 | _a8122902553 | ||
| 082 | _a823.91421 | ||
| 090 |
_c6189 _d6189 |
||
| 100 | _aAchebe,Chinua. | ||
| 245 |
_aThings Fall Apart. _cChinua Achebe. |
||
| 260 |
_aIndia. _bSurjeet Publications. _c2007. |
||
| 300 | _a215p. | ||
| 500 | _aPaper cover. | ||
| 942 |
_aNBS _cBK _k823.91421 ACH |
||
| 999 |
_c348564 _d348564 |
||